000 00354nam a2200169Ia 4500
100 _aUniversity of Mumbai
650 _aVLSI
942 _cBK
366 _f20
654 _aCMOS.vlsi
245 _aCMOS VLSI Design
260 _bPearson Education
_aMumbai
_c2006
082 _a621.395/WES
_bWES
300 _a657
546 _aENGLISH
999 _c26914
_d26914